000 00539nam a2200169 a 4500
005 20140412111249.0
008 020516s19uu xx 00 eng d
020 _a0-14-056718-6
050 _aTR(PS E
_bGr75 2000
100 _aZiefert, Harriet
245 _aGrandmas: are for giving tickles :
_ba lift-the flap book /
_cby Harriet Ziefert ; illustrated by Jennifer Plecas.
260 _aNew York :
_bPuffin Books,
_c2000.
300 _a1 v. (unp.) ; ill.
650 _aGrandmas
_xFiction
650 _aTickles
_xFiction
999 _c103057
_d103057